Dodanie tovaru z EÚ od neplatiteľa DPH v roku 2017

Ilustračný príklad k problematike dodania tovaru z EÚ od neplatiteľa DPH v roku 2017

Guardado en:
Detalles Bibliográficos
Autor principal: Válek, Juraj, 1981-
Formato: Capítulo de libro
Lenguaje:eslovaco
Materias:
Etiquetas: Agregar Etiqueta
Sin Etiquetas, Sea el primero en etiquetar este registro!

MARC

LEADER 00000naa a2200000 4500
001 0234021
005 20240502073810.9
041 0 |a slo 
044 |a SK 
245 1 0 |a Dodanie tovaru z EÚ od neplatiteľa DPH v roku 2017  |c Juraj Válek 
520 |a Ilustračný príklad k problematike dodania tovaru z EÚ od neplatiteľa DPH v roku 2017 
610 2 0 |a dane z hodnoty pridanej 
610 2 0 |a dodávatelia 
610 2 0 |a dodávky 
610 2 0 |a tovar 
610 2 0 |a Európska únia 
610 2 0 |a oslobodenie od daní 
100 1 |a Válek, Juraj, 1981-